000 00444 a2200169 4500
999 _c29156
_d29156
003 NUST
005 20180118162531.0
008 180118b xxu||||| |||| 00| 0 eng d
020 _a0534382169
020 _a9780534382162
082 0 4 _a519.4
100 1 _aBurden, Richard L.
_97191
245 1 0 _aNumerical analysis /
_cRichard L. Burden, J. Douglas Faires.
250 _a7th ed.
260 _a[S.l.] :
_bBrooks Cole,
_c2001.
300 _a864 p. ;
_c24 cm.
700 1 _aFaires, J. Douglas.
_97190
942 _aSNS
_cBK
_k519.4 BUR
_2ddc